000 00208 a2200097 4500
001 1678
100 _aChironis, N.P
245 _aSpring Design and Application
260 _a
_bMc Graw
_c
090 _c1215
_d1215
942 _aNUST-CAE
_cM
_c2392
999 _c236751
_d236751